| 000 | 00380 a2200109 4500 | ||
|---|---|---|---|
| 001 | ART_52382 | ||
| 005 | 20260410162046.0 | ||
| 008 | 260409a | ||
| 245 | 1 | 0 | _aEl régimen de información de planificaciones fiscales y la innecesaria vulneración del secreto profesional |
| 100 | 1 | _aCoronello, Silvina E. | |
| 773 | 0 |
_tImpuestos _g- N°94 (feb. 2021) _wREV45175 |
|
| 999 |
_c35342 _d35342 |
||